Proposed amendments to The Building (Scotland) Regulations 2004 (Record no. 109791)

MARC details
000 -LEADER
fixed length control field 01742cad a22002655a 4500
001 - CONTROL NUMBER
control field E147924
008 - FIXED-LENGTH DATA ELEMENTS--GENERAL INFORMATION
fixed length control field 090701s2009 xxk f 000 0 eng d
035 ## - SYSTEM CONTROL NUMBER
System control number (Sirsi) u147924
041 0# - LANGUAGE CODE
Language code of text/sound track or separate title eng
050 04 - LIBRARY OF CONGRESS CALL NUMBER
Classification number 692.2 $2 18
110 2# - MAIN ENTRY--CORPORATE NAME
Corporate name or jurisdiction name as entry element Scottish Building Standards Agency
9 (RLIN) 4655
245 00 - TITLE STATEMENT
Title Proposed amendments to The Building (Scotland) Regulations 2004
Remainder of title a review of standards and guidance in the technical handbooks on section 6, energy (incorporating minor changes to section 3, environment, ventilation guidance)
Medium [electronic resource]
260 ## - PUBLICATION, DISTRIBUTION, ETC.
Place of publication, distribution, etc. London
Name of publisher, distributor, etc. SBS
Date of publication, distribution, etc. 2009
505 2# - FORMATTED CONTENTS NOTE
Formatted contents note Covering letter -- Respondee information form -- consultee list -- Annex A, summary of proposed changes -- Annex B, proposed revisions to domestic guidance document -- Annex C, proposed revisions to non-domestic guidance document -- Annex D, work to existing buildings -- Annex E, questionnaire -- Annex F, partial regulatory impact assessment
520 ## - SUMMARY, ETC.
Summary, etc. Seeks views on proposed changes to sections 3 (environment) and 6 (energy) of the Scottish Building Standards' Technical Handbooks, to take account of the Scottish Government's intention that from October 2010 new building standards for homes and non-domestic buildings will reduce carbon emissions by 30% beyond current standards.
520 ## - SUMMARY, ETC.
Summary, etc. Deadline for comments is 2 October 2009.
521 ## - TARGET AUDIENCE NOTE
Target audience note Advanced
590 ## - LOCAL NOTE (RLIN)
Local note KA
650 24 - SUBJECT ADDED ENTRY--TOPICAL TERM
Topical term or geographic name entry element BUILDING (SCOTLAND) REGULATIONS 2004
651 #4 - SUBJECT ADDED ENTRY--GEOGRAPHIC NAME
Geographic name Scotland
Chronological subdivision 1999-
690 ## - LOCAL SUBJECT ADDED ENTRY--TOPICAL TERM (OCLC, RLIN)
Topical term or geographic name as entry element Building regulations
9 (RLIN) 6224
690 ## - LOCAL SUBJECT ADDED ENTRY--TOPICAL TERM (OCLC, RLIN)
Topical term or geographic name as entry element ENVIRONMENTAL AND LAND CONSULTANCY-ENERGY-ENERGY USE-ENERGY EFFICIENCY
856 40 - ELECTRONIC LOCATION AND ACCESS
Uniform Resource Identifier <a href="https://www.sbsa.gov.uk/latestupdates/consul_energy09.htm">https://www.sbsa.gov.uk/latestupdates/consul_energy09.htm</a>
Public note View the consultation free of charge at www.sbsa.gov.uk...
942 ## - ADDED ENTRY ELEMENTS (KOHA)
Suppress in OPAC 0
Holdings
Withdrawn status Lost status Source of classification or shelving scheme Damaged status Not for loan Home library Current library Shelving location Date acquired Total Checkouts Full call number Barcode Date last seen Copy number Price effective from Koha item type
    Dewey Decimal Classification     Virtual Virtual Online 01/07/2009   ONLINE PUBLICATION 147924-2001 06/08/2019 1 06/08/2019 Book